| 000 | 01262cas a22002535a 4500 | ||
|---|---|---|---|
| 001 | L130596 | ||
| 008 | 050815c1994 xxkqr p 0 a0eng u | ||
| 022 | 1 | _a1468-9790 | |
| 035 | _a(Sirsi) u130596 | ||
| 041 | 0 | _aeng | |
| 110 | 2 |
_aRoyal Institution of Chartered Surveyors _bPublic Affairs _94679 |
|
| 240 | 1 | _aRICS Commercial Market Survey England and Wales | |
| 245 | 0 | 0 | _aRICS Commercial Market Survey |
| 260 |
_aLondon _bRICS _c[1994]- |
||
| 362 | 0 | _aLondon: October/December 1994- | |
| 362 | 0 | _aEdinburgh: October/December 1996- | |
| 520 | _aMonthly survey of RICS members opinions of the commercial property market. Provides details of reports of demand, confidence, new occupier enquiries, floorspace availability, expected rents, and lease lengths and inducements. Includes tables for the office, industrial and retail sectors by region. Gives a summary of market comments from chartered surveyors. | ||
| 554 | _aQuarterly. | ||
| 650 | _aRICS COMMERCIAL MARKET SURVEY ENGLAND AND WALES | ||
| 651 | 4 |
_aEngland and Wales _y1543- |
|
| 690 | _aPROPERTY-COMMERCIAL PROPERTY-COMMERCIAL PROPERTY MARKET | ||
| 856 |
_uhttps://www.rics.org/RICSWEB/getpage.aspx?p=8yDavpMoiEeXvy53ULlxSA _zView the item free of charge at www.rics.org... |
||
| 942 | _n0 | ||
| 999 |
_c118807 _d118807 |
||